Personnages Arifureta shokugyou no sekai saikyou - Statistiques

Statistiques générales
  • Ce quiz a été pris 14 fois
  • Le résultat moyen est 6 sur 20
Statistiques - réponses
Personnage % Correct
Yue
100%
Nagumo Hajime
83%
Shirasaki Kaori
75%
Shea
58%
Tia
58%
Yaegashi Shizuku
50%
Myuu
33%
Hatamaya Aiko
25%
Remia
25%
Daisuke Hiyama
8%
Endou Kousuke
8%
Freid Bagwa
8%
Ishtar Langbard
8%
Kouki Amanogawa
8%
Liliana S. B. Heiligh
8%
Meld Loggins
8%
Riiman
8%
Will Cudeta
8%
Suzu Taniguchi
0%
Yukitoshi Shimizu
0%
Aucun quiz correspondant
Distribution des résultats
% des personnes avec chaque résultat
Percentile par nombre de réponses
Votre historique - résultats
Vous n’avez pas pris ce quiz